[Event "Match 72__120'/40"]
[Site "Zurich"]
[Date "2022.??.??"]
[Round "42"]
[White "Mephisto MM II"]
[Black "CXG Sphinx Legend"]
[Result "1-0"]
[WhiteElo "1815"]
[BlackElo "1816"]
[Annotator "KUT"]
[PlyCount "78"]
[EventDate "2022.??.??"]

{[%evp 0,78,19,38,25,16,75,61,61,56,56,56,55,22,65,39,117,85,86,63,171,43,54,43,90,-7,-23,-16,15,-1,-16,-50,-34,-72,-60,-233,-222,-214,-210,-299,-300,-289,-234,-212,-238,-258,-195,-207,-234,-253,-301,-290,-175,-177,-153,-213,-184,-188,-92,-100,-94,-104,-51,-56,-57,-57,-48,-81,-9,0,0,0,174,137,121,141,953,1039,1508,1223,29977]} 1. e4 e5 {Match 72: 120'/40+60'/20+30' | Bediener: Rolf Bühler | 42. Partie: remis | Zwischenstand: 21,5-20,5 (51,2%) für MM II | Durch die beidseitig unorthodox Behandlung der Philidor-Verteidigung entsteht ein ausgeglichenes Mittelspiel. Mit 17.c4? begeht der Mephisto MM II einen taktischen Fehler, die ihm eine Leichtfigur gegen einen Bauern kostet. Bald einmal wird noch ein zweiter Bauer abgeholt und danach noch einen Gewinn zu finden, übersteigt die technischen Fähigkeiten unserer Oldies. Und so erstaunt es nicht, dass sich das schwedische Programm von Ulf Rathsman anscheinend doch noch retten kann. Dabei sind ihm seine Freibauern eine grosse Stütze, vor allem der schon lästig auf b7 eingenistete Frechling. Dann passiert die unerwartete Wende: die CXG Sphinx Legend verkennt die Stärke dieses Freibauern, schwächt noch seine Grundreihe, was dem Gegner einen leichten Sieg ermöglicht. Einmal mehr hat das ungarische Programm von Gyula Horvath alle Höhen und Tiefen einer Schachpartie - vom Ausgleich zum Gewinn, vom Gewinn zum Ausgleich, vom Ausgleich in den Verlust - durchlaufen.} 2. Nf3 d6 3. d4 exd4 4. Nxd4 {***ENDE BUCH***} Nf6 5. Nc3 Be7 {***ENDE BUCH***} 6. Bd3 Bg4 7. f3 Bh5 8. O-O O-O 9. Nf5 Nbd7 10. b3 Re8 11. Bb2 (11. g4 {ist dynamischer} Bg6 12. g5 d5 13. gxf6 Bxf6 14. Bb2 Nc5 15. Qd2 dxe4 16. fxe4 Nxe4 17. Nxe4 Bxb2 18. Rae1 $16) 11... Ne5 12. Nd5 {Schärfer ist 12.Le2 usw.} (12. Be2 h6 13. g4 Bg6 14. f4 Ned7 15. Bf3 $16) 12... Nxd5 13. exd5 Nxd3 (13... Bf6 {ist genauer}) 14. Qxd3 {Genauer war es, vorerst mit 14.Sxe7+ das gegnerische Läuferpaar zu beseitigen. Der verbleibende weisse Läufer auf b2 wäre dann riesenstark.} Bf6 15. Nd4 {Begibt sich freiwillig in eine Fesslung. Einfacher war} (15. Bxf6 Qxf6 16. Nd4 $11 {ausgeglichen}) 15... Bg6 16. Qb5 {Nach dem behutsamen 16.Dd2 steht es ausgeglichen.} Qc8 {[#]} 17. c4 $2 {Nach diesem taktischen Missgriff kann Schwarz ...c5 mit entscheidendem Vorteil durchsetzen, weil der Punkt c6 durch Weiss nur zweimal beherrscht wird, denn der Sd4 ist ja gefesselt.} (17. Rab1 {hätte den schwarzen Plan verhindert.}) 17... c5 $1 {Nutzt die Fesslung des Sd4 aus. Wenn der wegzieht, fällt der weisse Läufer auf b2.} 18. dxc6 {Das hilft leider auch nicht.} bxc6 {Zieht nun die Dame weg, so folgt ...c5 und der weisse Läufer b2 oder der Sd4 wird erobert.} 19. Nxc6 (19. Qa5 c5 20. Rad1 h6 21. Qd2 cxd4 22. Bxd4 Bxd4+ 23. Qxd4 Re6 $19 {und Schwarz gewinnt dank seines materiellen Vorteils.}) 19... Bxb2 20. Rae1 Bd3 21. Ne7+ {Erobert am Ende nichts, weil ja auch der weisse Tf1 sein Leben wird lassen müssen.} Rxe7 22. Rxe7 Bxf1 23. Kxf1 Bf6 24. Rd7 Rb8 25. Qa4 {Weiss gewinnt nun einen zweiten Bauern für seine Leichtfigur. Und das macht die Lage für Schachcomputer der älteren Generation schon nicht mehr einfach. Hinzu kommt noch die ungenügende Rechentiefe in diesem vornehmlich Schwerfigurenendspiel. Die folgende Phase ist deshalb (aus Sicht der heutigen Engines) mit vielen beidseitigen Ungenauigkeiten gepflastert. Darauf wird nur ausnahmsweise eingegangen.} Be5 $6 (25... a5 $1) 26. Qxa7 Ra8 27. Rc7 Qe8 28. Qb7 Bxh2 $6 (28... Rb8 29. Qc6 Bxh2 30. Qxe8+ Rxe8 $17 {mit exzellenten Gewinnchancen für Schwarz}) 29. Re7 Qc8 30. Qd5 Qf8 $2 {So geht Schwarz praktisch seines ganzen Vorteils verlustig. Aber wie gesagt, darf man Schwarz hier keine Vorwürfe machen. Es geht sehr weit über den Rechenhorizont unserer Lieblinge hinaus, um auf dem Siegespfad zu bleiben. Und viele Varianten bewegen sich gefährlich nah am Remis. Hier ein Beispiel bei Suchtiefe 49 und Bewertung -2.49 von Leptir-avx2 der besten Engine, die ich zurzeit kenne.} ({Leptir 201222-avx2:} 30... Kh8 31. a4 Be5 32. g4 Bf6 33. Rxf7 Qe8 34. Rb7 h6 35. Qe4 Qg8 36. Qf5 Re8 37. Qd5 Qxd5 38. cxd5 Kh7 39. Rb4 Ra8 40. Ke2 Ra5 41. Rc4 Kg6 42. f4 Kf7 43. Rc7+ Ke8 44. Ke3 Kd8 45. Rf7 Rxd5 46. b4 Kc8 47. b5 Kb8 48. Ke2 Rc5 49. Kd1 Kc8 50. Ra7 Rc7 51. Ra6 Rc4 52. a5 Rxf4 53. Rxd6 Rd4+ 54. Rxd4 Bxd4 {[%eval -254,49]}) 31. Rxf7 $1 {Eine selbstverständliche Kombination zum Thema Überlastung", denn die schwarze Dame kann nicht gleichzeitig den f7-Bauer und den Ta8 beschützen.} Qxf7 32. Qxa8+ Qf8 33. Qe4 {Die Lage hat sich beruhigt. Auf jeden Fall kann von schwarzer Gewinnstellung keine Rede mehr sein.} Kh8 34. b4 Be5 35. b5 Qc8 36. b6 Qb8 37. b7 {[#]} Bf6 $2 {Eine Katastrophe im letzten Moment, indem die CXG das Remis in einen Verlust verwandelt. Plötzlich werden der lästige Freibauer von Weiss auf b7 und die geschwächte schwarze Grundreihe zu einem Todesurteil für die CXG Sphinx Legend.} (37... d5 38. Qxd5 Bg3 39. a4 h6 40. a5 $11 {und Remis, denn Weiss vermag die dunklen Felder des Gegners nicht unter Kontrolle zu bringen.}) 38. Qe6 $1 {Droht mit Dc8+ zu gewinnen, und der Bauernschnapp ...Dxb7?? ist wegen De8 Matt tabu.} Qd8 39. Qc8 {Die Umwandlung b8D lässt sich schon nicht mehr verhindern.} h6 {***AUFGEGEBEN***} 1-0

[Event "Match 72__120'/40"]
[Site "Zurich"]
[Date "2022.??.??"]
[Round "44"]
[White "Mephisto MM II"]
[Black "CXG Sphinx Legend"]
[Result "0-1"]
[WhiteElo "1816"]
[BlackElo "1816"]
[Annotator "KUT"]
[PlyCount "259"]
[EventDate "2022.??.??"]

{[%evp 0,259,19,38,25,16,14,14,11,0,0,18,12,6,7,-12,-12,-7,19,14,26,8,9,9,8,17,18,12,57,59,66,42,57,76,76,76,76,5,55,64,43,20,48,42,46,42,51,32,37,32,48,43,46,39,36,27,37,38,43,2,37,32,32,25,48,18,25,31,31,28,38,-2,38,-6,45,11,38,28,38,6,38,6,31,-16,8,6,60,37,34,27,45,27,64,60,71,71,71,58,67,29,44,32,33,37,41,17,39,29,16,16,55,62,64,70,73,65,69,58,53,55,61,64,61,23,46,53,54,64,67,80,99,81,99,50,41,41,60,47,142,47,67,61,142,130,150,105,130,92,157,96,105,47,60,41,41,41,47,41,100,41,41,41,41,41,41,41,41,41,79,70,65,71,65,65,48,7,35,0,11,0,0,0,11,0,0,0,0,0,0,0,20,0,0,0,16,8,0,0,0,0,0,0,0,-62,-56,-51,-55,-63,-69,-63,-63,-75,-61,-38,-35,-40,-39,-10,-9,-17,-17,-71,-67,-83,-87,-38,-74,-71,-85,-119,-43,-197,-178,-712,-723,-751,-821,-821,-773,-850,-902,-902,-1053,-1151,-1253,-1481,-1593,-1683,-1705,-1773,-29684,-1924,-29966,-29967,-29964,-29979,-29978,-29979,-29980,-29981,-29982,-29983]} 1. e4 e5 {Match 72: 120'/40+60'/20+30' | Bediener: Rolf Bühler | 44. Partie: Schwarz (CXG) gewinnt | Zwischenstand: 22,5-21,5 (51,1%) für MM II | Aus der Italienischen Partie, Giuoco Pianissimo, entwickelt sich erwartungsgemäss eine sehr ruhige, aber trotzdem äusserst schwierige Partie für die beiden Kontrahenten. Die vielen versteckten Feinheiten überfordern beide Programme. Und die grosse Schlacht spielt sich einmal mehr in einem komplexen Turmendspiel ab, zuerst mit je 2 Türmen beidseits und nach dem Verschwinden eines Turmpaars in einem reinen Turmendspiel. Unsere Oldies sind in dieser Auseinandersetzung völlig überfordert. Und so wechseln sich auch die gegenseitigen Gewinnchancen ab. Dieses Mal ist es der Mephisto MM II, der den letzten entscheidenden Fehler begeht. Man mag der in ähnlichen Situationen unglücklich agierenden CXG Sphinx Legend den Sieg gönnen.} 2. Nf3 Nc6 3. Bc4 Bc5 4. Nc3 Nf6 5. d3 d6 6. Be3 {***ENDE BUCH***} Bb6 {***ENDE BUCH***} 7. Bxb6 {Ein ungewöhnlicher Tausch, der dem Schwarzen keine Schwierigkeiten bereitet.} axb6 8. O-O Na5 9. Nd2 {Will sich auf c4 keinen Doppelbauern anhängen lassen. Mit dem Textzug wird auch die Option f2-f4 ermöglicht.} Bg4 10. Qe1 Nxc4 11. Nxc4 Be6 12. Ne3 {Weiss steht etwas besser.} O-O {Es gibt eine ansprechende Alternative.} (12... Nh5 {[%eval 32,40]} 13. Rd1 Qg5 14. d4 O-O 15. f3 f6 16. Kh1 Rae8 17. Qf2 Nf4 18. Nb5 Rc8 19. c4 Nxg2 20. Nxg2 Bxc4 21. Nc3 Bxf1 22. Rxf1 f5 23. dxe5 dxe5 24. Rg1 fxe4 25. Nxe4 Qh5 26. Nh4 Rcd8 27. Rg5 Qf7 28. Qg3 Rd5 29. Kg2 h6 30. Rxe5 Rxe5 31. Qxe5 Re8 32. Qc3 b5 33. a3) 13. a4 {Vorsichtigere Naturen greifen zu 13.a3, denn auf a4 ist der Bauer eher anfällig. Auch 13.f4 ist aber ebenfalls gut spielbar.} c5 $6 {Das schwächt nur die Felder b5 und d5. Auf jeden Fall besser sind:} (13... Re8 $11) (13... Ng4 $11) 14. Qe2 Qd7 (14... g6 {ist ein guter prophylaktischer Zug, der dem gegnerischen Springer das Feld f5 verwehrt. Da dem Anziehenden der dunkelfarbige Läufer fehlt, stellt 14...g6 keine reale Schwächung der Königsstellung dar.}) 15. Qf3 h6 {Wenn schon ein Bauernzug am Königsflügel, dann 15...g6 aus den bereits erwähnten Gründen.} 16. b3 {Deckt a4 und stemmt sich gegen jegliches ...c4.} (16. h3 $14 {was die Stellung der weissen Dame festigt, kam ebenso in Betracht.}) 16... Ra6 $6 {Ein unergründliches Turmmanöver. Will Schwarz auf der geschlossenen a-Linie die Türme verdoppeln?} 17. Rab1 Rfa8 $6 {Fortsetzung des schlechten Plans, man betrachte nur die ins Nichts starrenden schwarzen Türme.} 18. b4 $2 {Ein positionell noch schlechteren Zug in dieser Stellung zu finden, ist fast nicht möglich. Jetzt kann der Gegner die c-Linie öffnen, um dort Druck auszuüben. So taucht der Zug unter den 12 besten Fortsetzungen gar nicht auf.} Qc8 $2 {Aber auch Schwarz ist nicht auf der Höhe und erlaubt dem Gegner, den Damenflügel mit b5 abzuschliessen und sich hernach dem Königsangriff zu widmen.} 19. b5 Ra5 20. Rbc1 $6 (20. Nc4 Bxc4 21. dxc4 {überlässt Weiss einen spürbaren Vorteil.}) 20... Qd8 21. Rcd1 R5a7 22. Rde1 $2 {Weiss hat keinen Plan und erlaubt nun ...c4 mit Ausgleich.} Qd7 (22... c4 $1 $11) 23. Rc1 {Es geht weiter im Stil "ich weiss nicht, was tun"} Ra5 24. Ra1 (24. Nc4 $1 Bxc4 25. dxc4 Qe6 26. Rcd1 Rd8 27. Qe2 $16) 24... Qc8 25. Rab1 (25. Nc4 $1 $16) 25... Qd8 {Nun folgt ein sinnloses Figurengeschiebe auf beiden Seiten.} 26. Rfe1 Qd7 27. Rbc1 Qc7 28. Rcd1 R5a7 29. Rb1 Qd7 30. Rbc1 Ra5 31. Rcd1 Qe8 {Wird es wohl bald Remis durch 3fache Stellungswiederholung?} 32. Nf5 {Aha, endlich wieder etwas Abwechslung.} Qd8 33. Ne3 Qd7 {Das Figurengeschiebe geht weiter. Zum Glück schwächt niemand die Stellung, so dass alles im Lot bleibt.} 34. Ra1 Qc8 35. Ra3 {Will nun gar Weiss seine Türme auf der a-Linie verdoppeln?} R5a7 36. Rf1 Qd7 37. Rd1 Ra5 38. Re1 Qc8 39. Rf1 Qc7 40. Rc1 Re8 41. Ne2 Qd7 42. c4 {Endlichl etwas Positives. Das Zentrum und der Damenflügel werden dicht gemacht. Nun kann oder könnte es mit dem weissen Angriff am Königsflügel weitergehen.} Rf8 43. Ng3 Rfa8 44. Rca1 Kh7 45. Ngf5 Rg8 46. Qh3 Rga8 47. Qh4 {Langsam reift so etwas wie ein weisser Königsangriff.} Bxf5 {Das wäre für den Mensch ein schwieriger Entscheid. Andererseits verschwindet eine gegnerische Angriffsfigur. Und da die weissen Türme am Damenflügel gebunden sind, wäre wohl höchst subtiles Spiel gefordert, um am Königsflügel für Weiss irgendwelche substantiellen Fortschritte zu machen.} 48. Nxf5 Qe6 49. R1a2 {Erneut weiss der Anziehende nicht, was er tun soll.} (49. Ne3 {[%eval 170,39]} Rf8 50. R3a2 Qe7 51. Nf5 Qd8 52. Qg3 Nh5 53. Qg4 g6 54. Ne3 Ng7 55. Rf1 h5 56. Qd1 f5 57. f4 fxe4 58. f5 gxf5 59. dxe4 f4 60. Nd5 Qg5 61. Nxb6 Qd8 62. Nd5 Qg5 63. Nc3 Qg6 64. Kh1 Rf7 65. Rd2 Ne8 66. g3 fxg3 67. Rg2 Rxf1+ 68. Qxf1) 49... Ng8 50. Ne3 Ne7 {Schwarz hat erfolgreich etwas umgruppiert. Der Springer auf e7 überdeckt vorsorglich die wichtigen Felder d5 und f5.} 51. Ra1 Ng6 52. Qh5 Nf4 53. Qg4 {Nach dem Damentausch verschwindet der grosse Teil des weissen Vorteils.} Qxg4 54. Nxg4 h5 $2 {Ein Fehler, der den b6-Bauer kostet, weil nun das Manöver Sg4-e3-d5xb6 sich nicht verhindern lässt. Dieser Drohung war mit ...Sg6 zu begegnen, um Se3 mit ...Se7 beantworten zu können, so dass der auf d5 auftauchende weisse Springer abgetauscht wird.} 55. Ne3 Ne2+ 56. Kf1 Nd4 57. R1a2 f5 {Ein verständlicher Gewaltzug.} 58. exf5 Rf8 59. Nd5 Nxf5 60. Nxb6 {Trotz weissem Bauerngewinn, lässt sich die Partie nicht so einfach gewinnen.} Nd4 61. g3 Kg6 62. Nd5 Rf3 $2 {Hier steht der Turm nur scheinbar gut. Denn Weiss kann nun endgültig den manchmal störenden Vorstoss ...h4 verhindern.} 63. h4 Kf7 64. Kg2 Ke6 65. Nc7+ Kd7 66. b6 $2 {Gar nicht das Gelbe vom Ei. Auf b6 wird der Bauern anfällig. Und schliesslich öffnet sich für Schwarz auch das schöne Feld c6.} Rf8 67. Nd5 Rf3 68. Ra1 {[#]} Ra8 $2 {Nun ist es Schwarz, der patzt und gar verlieren sollte, weil der weisse a-Bauer entscheidend vorrücken kann.} 69. Nc7 $2 {Doch Weiss kann sein Glück nicht erkennen.} (69. a5 {[%eval 649,40]} e4 70. a6 Raf8 71. dxe4 Rxf2+ 72. Kh3 Nc2 73. a7 Nxa1 74. Rxa1 Rc2 75. a8=Q Rxa8 76. Rxa8 Rxc4 77. Nf4 Rxe4 78. Rg8 Re7 79. Nxh5 c4 80. Nf4 Rf7 81. Rb8 Kc6 82. Rc8+ Kxb6 83. Rxc4 Ka5 84. Rd4 b5 85. h5 d5 86. Rxd5 Kb6 87. Rd6+ Kc5 88. Rd8 Kc4 89. Rc8+ Kb3 90. Rb8 Kc4 91. Ne6 b4 92. Nxg7) 69... Raf8 70. R1a2 Kc6 $2 {Notwendig war 70...Sc6, was 71.a5 wegen 71...Sb4 verhindert. Jetzt würde Weiss nach 71.a5 wieder gewinnen.} (70... Nc6 71. a5 Nb4 72. Rd2 e4 $3 $10) 71. Nd5 {Genügt ebenfalls noch zum Sieg.} Rh8 72. Rd2 $6 {Verpasst den mit 72.a5 systematischen Gewinn.} (72. a5 Ra8 73. a6 $1 Rxa6 74. Rxa6 bxa6 75. Rxa6 Rf7 76. Ra7 Rxa7 77. bxa7 Kb7 78. Nc7 Kxa7 79. Ne8 Nf5 80. Kf3 g6 81. Ke4 Kb7 82. Kd5 Nh6 83. Nxd6+ Kc7 84. Ne4 $18) 72... Rhf8 73. Raa2 (73. Rda2 $18 {gewinnt am einfachsten}) 73... Rh8 (73... Nb3 74. Rd1 Na5 {leistet mehr Widerstand} 75. Nf4 {Der weit vorgespreschte Turm rächt sich nun.} R3xf4 76. gxf4 Rxf4) 74. Ra1 Rhf8 75. Rad1 $2 {Wirft endgültig seine Gewinnchancen weg.} Ra8 $1 {Erlaubt endlich wieder die Blockade des weissen Freibauern auf a5.} 76. Ra2 Ra5 77. Raa1 Kd7 78. Ra3 Ra8 $2 {Er weiss nicht mehr, weshalb er seinen Turm nach a5 gestellt hat.} 79. Nc7 $2 {Dem Gegner geht es nicht besser, statt durch 79.a5 zu gewinnen.} Ra5 80. Ra2 Rf5 81. Nd5 Rf3 82. Nc3 Rf5 83. Re1 Kc6 $6 {Dieses Feld sollte dem Springer vorbehalten sein.} (83... Rf8 $1 $14) 84. Nd5 {Kein übler Zug, aber hier hatte Weiss in 84.f4!! eine Fortsetzung zur Verfügung, die den Kampf entschieden hätte, die aber für beide Oldies nie und nimmer hätte gefunden werden können.} (84. f4 $3 Kd7 (84... exf4 85. Re7 f3+ 86. Kf2 Re5 (86... g5 87. Rb2 $18) 87. Rxg7 Nf5 88. Rh7 Ne7 89. Kxf3) 85. fxe5 dxe5 86. Re4 g6 87. g4 hxg4 88. Rxg4 Ne6 89. Nd5 g5 90. h5 Rf8 91. Rf2 Rxf2+ 92. Kxf2 Rxa4 93. h6 Ra8 94. Rg1 Rh8 95. Rh1 $18) 84... Rf3 85. Re3 Rf7 86. Kh3 $6 (86. f4 $1 {war noch immer riesenstark} exf4 87. Re8 $18) 86... Nf5 87. Rf3 g6 88. Kg2 Rg7 89. Ra3 Rf7 {Die Stellung befindet sich wieder einmal im ungefähren Gleichgewicht.} 90. Ra1 Rg7 91. Ra2 Rf7 92. Ra3 Rg7 93. Ra1 Rf7 94. Kf1 Rg7 95. Ra2 Rf7 96. Ke1 Rg7 97. Kd2 Rd7 98. Kc3 Rd8 99. Kb2 Rda8 {Fast sieht es so aus, dass die Partie durch ein endloses Figurengeschiebe irgendwann in ein technisches Remis münden könnte nach der 50-Züge-Regel.} 100. Nc7 Rf8 101. Ka3 {Weiss ist gar bereit, den Bauer zurückzugeben, um die Partie zu beleben.} Kxb6 102. Nd5+ Kc6 103. Ne7+ Kd7 104. Nxf5 gxf5 {Wenn jemand nur leicht besser steht, dann ist es nicht der Anziehende.} 105. Rb2 $2 {Ein unscheinbarer Fehler, wonach es mit Weiss bergab gehen könnte.} Kc6 $2 {So nicht; ein möglicher und sehr langer Gewinnweg sähe beispielweise wie folgt aus, d.h. für Oldies wie wohl auch für selbst sehr starke Schachspieler nicht erkennbar:} (105... Ke6 106. Rxb7 Rfa8 107. Kb3 Rxa4 108. Kc3 Ra3+ 109. Rb3 Ra2 110. Rb2 R8a3+ 111. Rb3 (111. Kc2 e4 $19) 111... Ra4 112. Rb2 R2a3+ 113. Rb3 Ra2 114. Rb2 R2a3+ 115. Rb3 Ra1 116. Re3 R4a2 117. Rb2 Rc1+ 118. Kb3 Ra8 119. Ree2 Kf6 120. Rbc2 Rb1+ 121. Rb2 Rb8+ 122. Kc3 R8xb2 123. Rxb2 Rxb2 124. Kxb2 f4 $19) 106. Rb5 Raa8 (106... b6 $1 $17) 107. a5 f4 108. gxf4 Rxf4 109. Rxf4 exf4 {Die Situation ist übersichtlicher und einfacher geworden. Durch genaues Spiel kann Weiss mit dem Gegner mithalten. Vorerst agieren beide Programme erstaunlich sachgerecht.} 110. Ka4 {Gut ist auch} (110. d4 cxd4 111. Rxh5 $11) 110... Rg8 111. d4 $1 cxd4 112. Rxh5 Rg2 113. Rd5 Rxf2 114. Rxd4 Rf1 115. h5 $2 {Nun ist es gar Weiss, der sich ins Unglück stürzt.} (115. Kb3 $1 $10) 115... f3 $2 {Verpasst den Gewinn.} (115... Kc5 116. Re4 f3 117. Rf4 f2 118. Rf5+ Kxc4 119. Rf4+ Kd3 $19) 116. h6 $2 {Verpasst seinerseits den Ausgleich.} (116. Rd2 Kc5 117. h6 Kxc4 118. Rc2+ (118. h7) 118... Kd3 119. h7 Rh1 120. Rc7 f2 121. Rf7 f1=Q 122. Rxf1 Rxh7 123. Rd1+ Kc4 124. Rxd6 $10) 116... f2 {Nun gibt es für Weiss keine Rettung mehr.} 117. Rf4 Ra1+ 118. Kb3 Rb1+ 119. Kc2 f1=Q 120. Rxf1 Rxf1 {Und endgültig aus für Weiss.} 121. h7 Rh1 122. Kd3 Rxh7 123. Kd4 Rh4+ 124. Kc3 Kc5 125. Kd3 Rxc4 126. Ke3 Ra4 127. a6 Rxa6 128. Kd3 b5 129. Ke3 b4 130. Kd2 {***AUFGEGEBEN***} 0-1